[Event "National Chess Congress"]
[Site "Philadelphia USA"]
[Date "2010.11.27"]
[Round "4"]
[White "Gershenov,B"]
[Black "Kaufman,R"]
[Result "0-1"]
[WhiteElo "2044"]
[BlackElo "2294"]

1.Nf3 c5 2.e4 d6 3.Bb5+ Nc6 4.Bxc6+ bxc6 5.O-O g6 6.h3 Bg7 7.Re1 e5 8.b4 cxb4
9.a3 bxa3 10.Bxa3 Ne7 11.d4 exd4 12.e5 dxe5 13.Nxe5 O-O 14.Bxe7 Qxe7 15.Nxg6 Qxe1+
16.Qxe1 hxg6 17.Ra4 Bf5 18.Qd1 Rfd8 19.Na3 a5 20.Qf3 Re8 21.Qxc6 Re1+ 22.Kh2 Be5+
23.f4 Bxf4+ 24.g3 Re2+ 25.Kg1 Be3+ 26.Kf1 Rf2+ 27.Ke1 Rc8 28.Qb7 d3  0-1

[Event "TCh-SVK Extraliga 2010-11"]
[Site "Cadca SVK"]
[Date "2010.11.28"]
[Round "2"]
[White "Velicka,P"]
[Black "Dydyshko,V"]
[Result "1/2-1/2"]
[WhiteElo "2490"]
[BlackElo "2547"]

1.e4 c5 2.Nf3 d6 3.Bb5+ Nd7 4.d4 cxd4 5.Qxd4 a6 6.Bxd7+ Bxd7 7.O-O Rc8 8.c4 e5
9.Qd3 b5 10.Na3 Qb6 11.cxb5 axb5 12.Be3 Qb7 13.Rfc1 Rxc1+ 14.Rxc1 Nf6 15.Qc2 Nxe4
16.Qc7 Qxc7 17.Rxc7 f6 18.Rb7 d5 19.Nxb5 d4 20.Bd2 Bxb5 21.Rxb5 Bd6 22.Kf1 Kd7
23.Rb7+ Bc7 24.Ba5 Rc8 25.Ke2 Kc6 26.Rxc7+ Rxc7 27.Bxc7 Kxc7 28.Nd2 Nc5 29.b4 Na4
30.Kd3 Kc6 31.Kc4 Nb2+ 32.Kb3 Nd3 33.f3 Nc1+ 34.Kb2 Nd3+ 35.Kb3 Nc1+ 36.Kb2 Nd3+  1/2-1/2

[Event "4th South Bohemia Open"]
[Site "Cesky Krumlov CZE"]
[Date "2010.11.28"]
[Round "9"]
[White "Ivanovic,Mir"]
[Black "Vorobyov,Y"]
[Result "1-0"]
[WhiteElo "2174"]
[BlackElo "2235"]

1.e4 c5 2.Nf3 d6 3.Bb5+ Nd7 4.c3 h6 5.Ba4 e6 6.O-O b5 7.Bc2 Bb7 8.d4 Ngf6
9.Re1 Be7 10.Nbd2 O-O 11.Nf1 cxd4 12.cxd4 e5 13.Ng3 Re8 14.h3 Bf8 15.d5 Be7
16.a4 Nb6 17.b3 bxa4 18.bxa4 Nfd7 19.Rb1 Nc5 20.Be3 Nbd7 21.Nd2 Rb8 22.Nc4 g6
23.Qd2 Ba8 24.Rxb8 Qxb8 25.Rb1 Qc7 26.Qa5 Qxa5 27.Nxa5 Rc8 28.Bd1 h5 29.f3 Kg7
30.Nf1 f5 31.Nd2 f4 32.Bf2 Nd3 33.Ndc4 Rb8 34.Rxb8 Nxb8 35.Bxa7 Nd7 36.Nc6 Kf7
37.Be2 N3c5 38.a5 Bb7 39.Kf1 Ke8 40.Ke1 Bc8 41.Kd2 Nb7 42.Nb6 Nxb6 43.Bxb6 Nc5
44.Bxc5 dxc5 45.Nxe5 Bd8 46.Nc4 Ke7 47.e5 Bd7 48.Nb6 Bb5 49.Bd3 g5 50.Bf5 Bf1
51.d6+ Ke8 52.e6 Bxg2 53.Bg6+ Kf8 54.e7+ Bxe7 55.Nd7+  1-0

[Event "XXIII Belgrade Trophy"]
[Site "Obrenovac SRB"]
[Date "2010.11.29"]
[Round "6.32"]
[White "Petrovski,I"]
[Black "Vujacic,Bo"]
[Result "1/2-1/2"]
[WhiteElo "2152"]
[BlackElo "2306"]

1.e4 c5 2.Nf3 d6 3.Bb5+ Nc6 4.O-O Bd7 5.Re1 Nf6 6.h3 e6 7.c3 a6 8.Bf1 Be7
9.d4 cxd4 10.cxd4 d5 11.e5 Ne4 12.Bd3 Nb4 13.Bxe4 dxe4 14.Rxe4 Bc6 15.Re1 O-O
16.Nh2 Qd5 17.Nf3 Nxa2 18.Nc3 Nxc3 19.bxc3 b5 20.Ba3 Bxa3 21.Rxa3 a5 22.Qd3 h6
23.Rb1 f6 24.exf6 Rxf6 25.Re1 Qd6 26.Raa1 Bxf3 27.gxf3 Raf8 28.Rxa5 Rxf3
29.Qe4 Rxc3 30.Rxb5 Kh8 31.Qe5 Qd7 32.Rb8 Rxb8 33.Qxb8+ Kh7 34.Qe5 Rf3 35.Qe4+ Rf5
36.Qxe6 Rg5+ 37.Kh1 Qxd4 38.Qe4+  1/2-1/2

[Event "XXIII Belgrade Trophy"]
[Site "Obrenovac SRB"]
[Date "2010.11.30"]
[Round "7.46"]
[White "Peovic,M"]
[Black "Volas,N"]
[Result "1-0"]
[WhiteElo "2228"]
[BlackElo "2104"]

1.e4 c5 2.Nf3 d6 3.Bb5+ Bd7 4.Bxd7+ Nxd7 5.O-O Ngf6 6.Re1 e6 7.c3 Be7 8.d4 cxd4
9.cxd4 O-O 10.Nc3 Nb6 11.a4 d5 12.e5 Ne8 13.b3 Rc8 14.Bd2 a6 15.Na2 Qd7 16.Ba5 Na8
17.Bb4 Nac7 18.Qd2 b5 19.Bxe7 Qxe7 20.a5 f6 21.Nb4 fxe5 22.dxe5 g6 23.Rac1 Ng7
24.Rc6 Na8 25.Rec1 Rcd8 26.Rxa6 Qf7 27.Nc6 Rd7 28.Ncd4 Rc7 29.Rxc7 Nxc7 30.Ra7 Qd7
31.h3 Ra8 32.Rxa8+ Nxa8 33.Qb4 Nc7 34.Qd6 Qc8 35.Nc6 Nf5 36.Ne7+ Nxe7 37.Qxe7 h6
38.Nh4 Ne8 39.Nxg6 Ng7 40.g3 Qc3 41.Qd8+ Kh7 42.Nf8+ Kg8 43.Nxe6+ Kh7 44.Qc7 Qxc7
45.Nxc7  1-0

[Event "XXIII Belgrade Trophy"]
[Site "Obrenovac SRB"]
[Date "2010.12.01"]
[Round "8.9"]
[White "Dragomirescu,R"]
[Black "Damljanovic,B"]
[Result "1-0"]
[WhiteElo "2411"]
[BlackElo "2551"]

1.e4 c5 2.Nf3 d6 3.Bb5+ Nd7 4.d4 Nf6 5.O-O cxd4 6.Qxd4 e5 7.Qd3 h6 8.c4 Be7
9.c5 dxc5 10.Nxe5 O-O 11.Nxd7 Nxd7 12.Rd1 Ne5 13.Qe2 Qb6 14.Nc3 Bg4 15.f3 c4+
16.Be3 Bc5 17.Bxc5 Qxc5+ 18.Qf2 Qxf2+ 19.Kxf2 Be6 20.Ke3 a6 21.Ba4 b5 22.Bc2 Ra7
23.a3 g5 24.Rd6 Rb8 25.Kd4 Ng6 26.g3 Kg7 27.Nd5 a5 28.f4 Bxd5 29.exd5 Ne7
30.Rf1 Ng8 31.fxg5 Re8 32.gxh6+ Nxh6 33.Rb6 Re2 34.Kc3 Ng4 35.Bd1 Re3+ 36.Kc2 Ne5
37.Rxb5 a4 38.d6 c3 39.bxc3 Nc4 40.Rc5 Nxd6 41.Rf3 Re1 42.Rf4 Rae7 43.Rd5 R1e6
44.Rxa4 Ne4 45.Bf3 Nf6 46.Rg5+ Kh6 47.h4 Rc7 48.Rf4 Ra6 49.a4 Rca7 50.a5 Nh7
51.Rb5 Kg7 52.Rff5 Nf8 53.Bd5 Ne6 54.Rb7 Nd8 55.Rxa7 Rxa7 56.Be4 Rc7 57.Bd3 Ne6
58.Rd5 Nc5 59.a6 Na4 60.Ra5 Nxc3 61.Kd2  1-0

[Event "WY U-16 Olympiad"]
[Site "Burdur TUR"]
[Date "2010.12.02"]
[Round "8"]
[White "Ulyanovskyy,Vl UKR"]
[Black "Yurtseven,M"]
[Result "0-1"]
[WhiteElo "2024"]
[BlackElo "1972"]

1.e4 c5 2.Nf3 d6 3.Bb5+ Nd7 4.O-O a6 5.Bxd7+ Bxd7 6.d4 cxd4 7.Nxd4 Nf6 8.f3 Rc8
9.Nc3 e6 10.Be3 Be7 11.Qd2 O-O 12.Qf2 b5 13.a3 Rc4 14.Nb3 Qa8 15.Na5 Rcc8
16.Rfd1 e5 17.Rd2 Be6 18.Rad1 Rfd8 19.Nd5 Nxd5 20.exd5 Bd7 21.c3 Re8 22.Rc1 Bd8
23.Bb6 Bg5 24.Be3 Bd8 25.Nb3 a5 26.Na1 Qb7 27.Qf1 f5 28.Re1 b4 29.axb4 f4
30.Bf2 Bb5 31.Ree2 axb4 32.Qe1 Bxe2 33.Rxe2 bxc3 34.bxc3 Bb6 35.h3 Bxf2+
36.Rxf2 Qxd5 37.Kh2 Qd3 38.Rc2 Ra8 39.Rc1 Ra2 40.Qh4 Qxf3 41.Rg1 Qxc3 42.Qh5 Rf8
43.Qg4 Rxa1 44.Qe6+ Kh8 45.Qxd6 Qg3+ 46.Kh1 Rxg1+ 47.Kxg1 Rc8 48.Qd2 Qe3+  0-1

[Event "FSFMC November"]
[Site "Budapest HUN"]
[Date "2010.12.04"]
[Round "1"]
[White "Vujosevics,Eszter"]
[Black "Merk,Andras"]
[Result "1-0"]
[WhiteElo "1334"]
[BlackElo "1538"]

1.e4 c5 2.Nf3 d6 3.Bb5+ Bd7 4.Bxd7+ Nxd7 5.O-O Ngf6 6.Re1 Ne5 7.c3 Nd3 8.Re3 Nxc1
9.Qxc1 g6 10.d4 cxd4 11.cxd4 Bh6 12.Qc2 Bxe3 13.fxe3 O-O 14.Nc3 d5 15.e5 Ng4
16.Qd2 Nh6 17.e4 dxe4 18.Nxe4 Nf5 19.g4 Ng7 20.Qh6 f5 21.Neg5 Nh5 22.Qxh7+  1-0

[Event "TCh-BEL 2010-11"]
[Site "Belgium BEL"]
[Date "2010.12.05"]
[Round "5.4"]
[White "Van Oosterom,C"]
[Black "Henris,L"]
[Result "1-0"]
[WhiteElo "2413"]
[BlackElo "2204"]

1.e4 c5 2.Nf3 d6 3.Bb5+ Bd7 4.Bxd7+ Qxd7 5.O-O Nc6 6.Re1 Nf6 7.c3 e6 8.d3 Be7
9.Nbd2 O-O 10.Nf1 b5 11.h3 a5 12.Ng3 b4 13.d4 bxc3 14.bxc3 cxd4 15.cxd4 d5
16.Ne5 Qb7 17.Nxc6 Qxc6 18.e5 Ne4 19.Nxe4 dxe4 20.Qg4 Rfd8 21.Qxe4 Qxe4 22.Rxe4 Rac8
23.Be3 Rc2 24.Rg4 h5 25.Rg3 Rb8 26.Bc1 Bh4 27.Rf3 Rb4 28.g3 Bd8 29.Rd3 Rbc4
30.Be3 Ra4 31.Rb1 Be7 32.Rb8+ Kh7 33.Rb7 Bb4 34.Rxf7 Raxa2 35.d5 exd5 36.Rxd5 Rc6
37.Rdd7 Rg6 38.e6 Bc3 39.e7 Re6 40.Rd6  1-0

[Event "WCh Women"]
[Site "Antakya TUR"]
[Date "2010.12.07"]
[Round "2.1"]
[White "Skripchenko,A"]
[Black "Dzagnidze,N"]
[Result "1/2-1/2"]
[WhiteElo "2460"]
[BlackElo "2551"]

1.e4 c5 2.Nf3 d6 3.Bb5+ Nc6 4.O-O Bd7 5.Re1 a6 6.Bxc6 Bxc6 7.d4 cxd4 8.Nxd4 e6
9.Nxc6 bxc6 10.c4 Nf6 11.Nc3 Nd7 12.Bf4 Qc7 13.Na4 c5 14.Re2 Be7 15.Rd2 Ne5
16.b3 Qc6 17.Bxe5 dxe5 18.Qe2 Bg5 19.Rd3 O-O 20.Rad1 Rfd8 21.Rxd8+ Rxd8 22.Rxd8+ Bxd8
23.Qd3 Bg5 24.Kf1 g6 25.Ke2 Qc7 26.Qc3 Be7 27.Nb2 Bd6 28.Nd3 Qb7 29.f3 f5
30.Nf2 Qc6 31.Qd2 Bc7 32.Kd1 a5 33.a4  1/2-1/2

[Event "London Chess Classic Women"]
[Site "London ENG"]
[Date "2010.12.08"]
[Round "1"]
[White "Steil Antoni,F"]
[Black "Messam Sparks,L"]
[Result "1-0"]
[WhiteElo "2147"]
[BlackElo "1917"]

1.e4 c5 2.Nf3 d6 3.Bb5+ Nd7 4.d4 cxd4 5.Qxd4 e6 6.Nc3 a6 7.Bxd7+ Bxd7 8.O-O e5
9.Qd3 Nf6 10.Bg5 Be6 11.Rad1 Qc7 12.Rfe1 Be7 13.Bxf6 gxf6 14.Nd5 Qc6 15.Nh4 Bxd5
16.Qxd5 Rc8 17.c3 Qd7 18.Nf5 Rc6 19.Re3 Kf8 20.Qd2 Ke8 21.Rd3 Rg8 22.Nxd6+ Bxd6
23.Rxd6 Rxd6 24.Qxd6 Qxd6 25.Rxd6 Ke7 26.Rb6 Rb8 27.Kf1 h6 28.c4 h5 29.c5  1-0

[Event "London Chess Classic FIDE Open"]
[Site "London ENG"]
[Date "2010.12.09"]
[Round "2"]
[White "Toubale,T"]
[Black "Thorhallsson,T"]
[Result "1/2-1/2"]
[WhiteElo "2168"]
[BlackElo "2367"]

1.e4 c5 2.Nf3 d6 3.Bb5+ Bd7 4.Bxd7+ Qxd7 5.c4 Nc6 6.d4 cxd4 7.Nxd4 g6 8.Nc3 Bg7
9.Be3 Nf6 10.f3 O-O 11.Qd2 Rfc8 12.b3 a6 13.Nxc6 bxc6 14.O-O Qc7 15.Rac1 Rd8
16.Rfd1 Rab8 17.Bg5 Re8 18.Na4 Nd7 19.Be3 c5 20.Nc3 Nb6 21.Bh6 Bh8 22.h4 Qc8
23.h5 Qe6 24.hxg6 hxg6 25.Ne2 Qe5 26.Kf2 Nd7 27.Rh1 Qb2 28.Rc2 Qe5 29.Rcc1 Qb2
30.Rc2 Qe5 31.Bf4 Qe6 32.Bg3 Bg7 33.Nf4 Qe5 34.Ne2 Qe6 35.Nf4  1/2-1/2

[Event "London Chess Classic FIDE Open"]
[Site "London ENG"]
[Date "2010.12.09"]
[Round "2"]
[White "Radovanovic,J"]
[Black "Doran,C"]
[Result "1-0"]
[WhiteElo "2276"]
[BlackElo "1988"]

1.e4 c5 2.Nf3 d6 3.Bb5+ Bd7 4.Bxd7+ Qxd7 5.O-O Nc6 6.c4 Nf6 7.Nc3 g6 8.d4 cxd4
9.Nxd4 Bg7 10.Nde2 O-O 11.f3 Rad8 12.Bg5 Rfe8 13.Qd2 Qc8 14.Rac1 Qb8 15.Kh1 a6
16.b3 Ne5 17.a4 Nfd7 18.Nd5 f6 19.Be3 Nc5 20.Rb1 b6 21.Nd4 e6 22.Nc3 Qb7
23.Bg1 h5 24.f4 Nc6 25.f5 Nxd4 26.Qxd4 g5 27.b4 e5 28.Qd1 Nxe4 29.Nd5 g4
30.Be3 g3 31.Qf3 Nf2+ 32.Bxf2 Qc8 33.Qxg3  1-0

[Event "London Chess Classic FIDE Open"]
[Site "London ENG"]
[Date "2010.12.10"]
[Round "3"]
[White "Getz,N"]
[Black "Gormally,D"]
[Result "0-1"]
[WhiteElo "2317"]
[BlackElo "2470"]

1.e4 c5 2.Nf3 d6 3.Bb5+ Nd7 4.d4 Nf6 5.Nc3 cxd4 6.Qxd4 e5 7.Qd3 h6 8.Be3 Be7
9.Bc4 a6 10.a4 Qc7 11.O-O Nc5 12.Bxc5 Qxc5 13.Nd5 Nxd5 14.Bxd5 O-O 15.Ra3 Rb8
16.Nd2 Bd7 17.Rc3 Qa5 18.Ra1 b5 19.Nb3 Qb6 20.axb5 axb5 21.Qg3 Rbc8 22.Rxc8 Rxc8
23.Qd3 g6 24.c3 Kg7 25.Nd2 b4 26.Nc4 Qc5 27.Ra5 Bb5 28.g3 bxc3 29.Qxc3 Bd8
30.Qf3 Qxd5 31.exd5 Bxa5 32.Ne3 Rc1+ 33.Kg2 Bb6 34.Nd1 Bd4 35.h4 e4 36.Qb3 Be2  0-1

[Event "II Duchamp GM"]
[Site "Buenos Aires ARG"]
[Date "2010.12.11"]
[Round "1"]
[White "Delgado Ramirez,N"]
[Black "Mareco,S"]
[Result "0-1"]
[WhiteElo "2619"]
[BlackElo "2603"]

1.e4 c5 2.Nf3 d6 3.Bb5+ Nd7 4.O-O Nf6 5.Re1 a6 6.Bf1 b6 7.c4 Bb7 8.Nc3 e6
9.d4 cxd4 10.Qxd4 Be7 11.b3 O-O 12.Bb2 Qc7 13.Rad1 Rfd8 14.h3 Rac8 15.Qe3 Bf8
16.Nd4 Nc5 17.f3 h6 18.Kh1 Re8 19.Nc2 Ncd7 20.f4 Rcd8 21.e5 dxe5 22.fxe5 Nh7
23.Rd2 Nc5 24.Rf2 Be7 25.b4 Nd7 26.Qf4 Ng5 27.Qe3 Nf8 28.Bd3 Ng6 29.a3 Qxe5
30.Bxg6 Qxe3 31.Bxf7+ Nxf7 32.Rxe3 Bg5 33.Ree2 Nd6 34.Nd4 e5 35.Nf3 Bf4 36.Nd5 Nxc4
37.Nxf4 exf4 38.Rxe8+ Rxe8 39.Bd4 Rd8 40.Bc3 Rd3  0-1

[Event "WCh Women"]
[Site "Antakya TUR"]
[Date "2010.12.12"]
[Round "3.5"]
[White "Skripchenko,A"]
[Black "Cmilyte,V"]
[Result "1-0"]
[WhiteElo "2460"]
[BlackElo "2514"]

1.e4 c5 2.Nf3 d6 3.Bb5+ Bd7 4.Bxd7+ Qxd7 5.c4 Nc6 6.Nc3 g6 7.d4 cxd4 8.Nxd4 Bg7
9.Be3 Nf6 10.h3 O-O 11.O-O Rfc8 12.b3 a6 13.a4 e6 14.Qf3 Qe7 15.Rfd1 Nd7
16.Rab1 Nb4 17.Qe2 Nc5 18.Qd2 Ncd3 19.Na2 Nxa2 20.Qxd3 d5 21.Ne2 Nb4 22.Qd2 dxe4
23.Bb6 Nd3 24.a5 f5 25.Nc1 Ne5 26.Ne2 Bf6 27.Nc3 Nd3 28.Na4 Be5 29.Qe3 Bf4
30.Qd4 Be5 31.Qe3 Rc6 32.Rxd3 exd3 33.Qxe5 Qd6 34.Qxd6 Rxd6 35.f4 g5 36.g3 gxf4
37.gxf4 d2 38.Rd1 Kf7 39.Kf2 Rd3 40.Be3 Rxb3 41.Rxd2 Re8 42.Nc5 Rb4 43.Nd3 Ra4
44.Ne5+ Kg7 45.Rd7+ Kh6 46.Nf7+ Kh5 47.Ne5 Kh6 48.Bb6 Ra2+ 49.Ke3 Rg8 50.Kd4 Rg3
51.Kc5 Rxh3 52.Rxb7 Rc3 53.Kd6 Rb3 54.c5 Rxa5 55.Bxa5 Rxb7 56.c6 Rg7 57.Kxe6 Kh5
58.c7 Rg8 59.Kxf5 Kh4 60.Nf7 Rf8  1-0

[Event "17th Open A"]
[Site "Zadar CRO"]
[Date "2010.12.12"]
[Round "1.16"]
[White "Djurovic,G"]
[Black "Papp,Ga"]
[Result "0-1"]
[WhiteElo "2328"]
[BlackElo "2526"]

1.e4 c5 2.Nf3 d6 3.Bb5+ Bd7 4.Bxd7+ Nxd7 5.O-O Ngf6 6.Qe2 e6 7.c3 Rc8 8.d3 Be7
9.a4 O-O 10.Bg5 h6 11.Bh4 a6 12.a5 g5 13.Bg3 Nh5 14.Ne1 Nxg3 15.hxg3 Bf6
16.Nd2 Qe7 17.Nc4 Rce8 18.Ne3 Bg7 19.Qg4 f5 20.exf5 exf5 21.Nxf5 Qe6 22.Ne3 Qxg4
23.Nxg4 Re2 24.Rb1 d5 25.Nf3 d4 26.cxd4 cxd4 27.Rfe1 Rfe8 28.Kf1 Rxe1+ 29.Rxe1 Rxe1+
30.Nxe1 Kf7 31.Ke2 Ke6 32.f4 Nb8 33.fxg5 hxg5 34.Nf3 Nc6 35.Nf2 Bf6 36.Ne4 g4
37.Nh2 Ne5 38.Nd2 Kd5 39.b3 Kc6 40.Nc4 Kb5 41.Kd2 Bg5+ 42.Kc2 Nc6 43.Nxg4 Nb4+
44.Kb1 Nxd3 45.Nd6+ Kb4 46.Nxb7 Kxb3 47.Nh2 Be7 48.Nf3 Kc3 49.g4 Nf4 50.g5 d3
51.g3 Ne6 52.Kc1 Nxg5 53.Nxg5 Bxg5+ 54.Kd1 Be7 55.g4 Kd4 56.g5 Bxg5 57.Nd6 Bd8
58.Nf5+ Kc3 59.Nd6 Bxa5 60.Ne4+ Kd4 61.Nf2 Bc3 62.Kc1 a5 63.Nd1 Kc4 64.Nf2 a4
65.Kb1 Bd4 66.Ne4 Kd5 67.Nd2 Bc3 68.Nf1 Ke4 69.Ka2 Kf3 70.Ka3 Kf2  0-1

[Event "17th Open A"]
[Site "Zadar CRO"]
[Date "2010.12.12"]
[Round "1.8"]
[White "Somborski,N"]
[Black "Brkic,A"]
[Result "0-1"]
[WhiteElo "2386"]
[BlackElo "2564"]

1.e4 c5 2.Nf3 d6 3.Bb5+ Nc6 4.Bxc6+ bxc6 5.O-O Bg4 6.h3 Bh5 7.e5 dxe5 8.g4 Bg6
9.Nxe5 e6 10.d3 Bd6 11.Bf4 Ne7 12.Re1 h5 13.Nc3 hxg4 14.hxg4 Qc7 15.Qf3 O-O-O
16.a4 Rh7 17.Re3 Rdh8 18.Rae1 f6 19.Nxg6 Nxg6 20.Bxd6 Qxd6 21.Ne4 Qh2+ 22.Kf1 Nf4  0-1

[Event "Bansko Grand Chess Open"]
[Site "Bansko BUL"]
[Date "2010.12.13"]
[Round "1.31"]
[White "Velchev,H"]
[Black "Kioutsoukos,Dimitrios"]
[Result "1-0"]
[WhiteElo "2322"]
[BlackElo "1617"]

1.e4 c5 2.Nf3 d6 3.Bb5+ Bd7 4.Bxd7+ Qxd7 5.O-O Nc6 6.c3 Nf6 7.Re1 g6 8.d4 cxd4
9.cxd4 d5 10.e5 Ne4 11.Nbd2 Nxd2 12.Bxd2 Bg7 13.Bf4 O-O 14.Qd2 Rac8 15.Bh6 e6
16.Bg5 Ne7 17.Bf6 Nf5 18.g4 Ne7 19.h4 Rc6 20.h5 h6 21.Kg2 Kh7 22.Rh1 g5 23.Qd3+ Kh8
24.Bxg5 f6 25.exf6 Bxf6 26.Bxf6+ Rxf6 27.Ne5 Qe8 28.Nxc6 Nxc6 29.Qe3 e5 30.dxe5 Qxe5
31.Qxe5 Nxe5 32.f3 Kg7 33.Rad1 Nc4 34.Rhe1 Kf7 35.Rxd5  1-0

[Event "Bansko Grand Chess Open"]
[Site "Bansko BUL"]
[Date "2010.12.13"]
[Round "1.14"]
[White "Vasiliadis,Theodoros"]
[Black "Perunovic,Mio"]
[Result "0-1"]
[WhiteElo "1671"]
[BlackElo "2465"]

1.e4 c5 2.Nf3 d6 3.Bb5+ Bd7 4.Bxd7+ Qxd7 5.O-O Nc6 6.Re1 Nf6 7.c3 e6 8.b3 Be7
9.Bb2 O-O 10.d4 cxd4 11.Nxd4 Rfd8 12.c4 Rac8 13.Nc3 a6 14.a4 Qc7 15.Rc1 Qa5
16.Nc2 Qb6 17.Ne3 Na5 18.Rb1 Rd7 19.Ba1 Nc6 20.Kh1 Qd8 21.f4 Bf8 22.Ng4 Nxg4
23.Qxg4 Nd4 24.Qd1 Nc6 25.Re3 Ne7 26.Rh3 Qe8 27.Qh5 h6 28.f5 Rc5 29.Qg4 Nc6
30.Rf1 Ne5 31.Qg3 Kh7 32.Ne2 exf5 33.Nd4 fxe4 34.Re1 Ng6 35.Nf3 Re7 36.Nh4 Re6
37.Nxg6 Rxg6 38.Qf4 Rcg5 39.Rxe4 Rxg2 40.Rg3 R2xg3 41.hxg3 Qc6 42.Kh2 d5
43.Rd4 Bd6 44.Qxf7 Bxg3+ 45.Kh3 Qc8+ 46.Kg2 Be5+  0-1

[Event "FSFMC December"]
[Site "Budapest HUN"]
[Date "2010.12.13"]
[Round "10"]
[White "Vujosevics,Eszter"]
[Black "Szabo,Mik"]
[Result "1/2-1/2"]
[WhiteElo "1334"]
[BlackElo "1394"]

1.e4 c5 2.Nf3 d6 3.Bb5+ Bd7 4.Bxd7+ Qxd7 5.O-O Nc6 6.c3 g6 7.d4 cxd4 8.cxd4 Nf6
9.Nc3 Bg7 10.Be3 Ng4 11.Bf4 O-O 12.h3 e5 13.Bg5 exd4 14.Nb5 Nge5 15.Nfxd4 Nxd4
16.Nxd4 h6 17.Be3 Nc4 18.Bc1 Rad8 19.b3 Ne5 20.Rb1 d5 21.Ba3 Rfe8 22.Qe2 dxe4  1/2-1/2

[Event "Bansko Grand Chess Open"]
[Site "Bansko BUL"]
[Date "2010.12.14"]
[Round "2.30"]
[White "Stefanov,E"]
[Black "Bozilov,N"]
[Result "0-1"]
[WhiteElo "1944"]
[BlackElo "2030"]

1.e4 c5 2.Nf3 d6 3.Bb5+ Bd7 4.c4 a6 5.Bxd7+ Qxd7 6.d4 cxd4 7.Nxd4 g6 8.Nc3 Bg7
9.Nd5 Qd8 10.Qa4+ Nd7 11.Be3 Nf6 12.Nxf6+ Bxf6 13.O-O O-O 14.Qc2 Rc8 15.Qe2 Ne5
16.b3 Nc6 17.Rad1 Nxd4 18.Bxd4 Bxd4 19.Rxd4 Rc5 20.f4 Qb6 21.Qf2 e6 22.Rd3 Qc6
23.Qe3 b5 24.cxb5 axb5 25.f5 exf5 26.exf5 Re5 27.Qd2 Qc5+ 28.Kh1 Rxf5 29.Rxf5 Qxf5
30.h3 Rc8 31.Rxd6 Rc2 32.Qd3 Rc1+ 33.Kh2 Qf4+ 34.Qg3 Rh1+ 35.Kxh1 Qxg3 36.Rd5 b4
37.Rb5 Kg7 38.Ra5 h5 39.a3 Qxb3 40.axb4 Qxb4 41.Ra1 g5 42.Rf1 Kg6 43.g3 f5  0-1

[Event "London Chess Classic FIDE Open"]
[Site "London ENG"]
[Date "2010.12.14"]
[Round "8"]
[White "Schweitzer,W"]
[Black "Doran,C"]
[Result "0-1"]
[WhiteElo "2115"]
[BlackElo "1988"]

1.e4 c5 2.Nf3 d6 3.Bb5+ Bd7 4.Bxd7+ Qxd7 5.O-O Nc6 6.c4 Nf6 7.Nc3 g6 8.d4 cxd4
9.Nxd4 Nxd4 10.Qxd4 Bg7 11.f3 O-O 12.Qd3 a6 13.a4 Qc7 14.Be3 Rac8 15.b3 e6
16.Rac1 Nd7 17.Rfd1 Nc5 18.Qc2 Rfd8 19.Kh1 h6 20.Rb1 Kh7 21.Bf4 b6 22.Na2 Rd7
23.Rd2 Rcd8 24.Rbd1 Be5 25.Bxe5 dxe5 26.Nc1 Rd4 27.Rxd4 Rxd4 28.Ne2 Rd6 29.Kg1 Qd7
30.Rxd6 Qxd6 31.Kf2 Nd3+ 32.Kf1 Nb4 33.Qc3 Qd1+ 34.Kf2 Nd3+ 35.Ke3 Ne1 36.Kf2 Nc2
37.h3 a5 38.h4 Kg8 39.g3 Nd4 40.Nc1 Qh1 41.f4 Qxe4 42.fxe5 Qxe5 43.Qe3 Qf5+
44.Kg1 e5 45.Nd3 Nf3+ 46.Kf2 Nxh4+ 47.Ke2 Qg4+ 48.Kf2 Nf5 49.Qxe5 Nd4 50.Qe8+ Kg7
51.Qe5+ Kh7 52.Qe3 Qf5+ 53.Kg1 Nxb3 54.Qe7 Nd4 55.Ne5 Kg7 56.Qd6 Ne6  0-1

[Event "London Chess Classic FIDE Open"]
[Site "London ENG"]
[Date "2010.12.14"]
[Round "8"]
[White "Stone,A ENG"]
[Black "Rodriguez Lopez,Ra"]
[Result "0-1"]
[WhiteElo "2223"]
[BlackElo "2305"]

1.e4 c5 2.Nf3 d6 3.Bb5+ Nd7 4.d4 cxd4 5.Qxd4 a6 6.Bxd7+ Bxd7 7.O-O e5 8.Qd3 h6
9.Nc3 Nf6 10.a4 Be7 11.Nd2 Rc8 12.Nc4 Be6 13.Ne3 O-O 14.Kh1 Qc7 15.f3 Qc6
16.Ncd5 Bxd5 17.exd5 Qc5 18.Rd1 Rfe8 19.Qa3 Qc7 20.c3 e4 21.f4 h5 22.Qb4 g6
23.Qd4 Qd8 24.Bd2 Bf8 25.c4 Bg7 26.Bc3 h4 27.Qd2 Nh5 28.Bxg7 Kxg7 29.Qf2 f5
30.b3 Qf6 31.Rf1 Re7 32.Qd2 Ng3+ 33.hxg3 hxg3 34.Kg1 Rh8 35.Rfe1 Qh4 36.Kf1 Qxf4+
37.Ke2 Qe5 38.Nc2 Rh2 39.Rg1 f4 40.Qd4 f3+ 41.Ke3 f2 42.Rh1 Rxg2 43.Raf1 Kg8
44.Ke2 Qxd4 45.Nxd4 Re5 46.Ne6 Rh5 47.Nf4 Rxh1 48.Nxg2 Rh2 49.Ne3 a5 50.c5 dxc5
51.d6 Kf7 52.d7 Ke7 53.Rd1 Kd8 54.Rd5 Rh1 55.Rg5 Re1+  0-1

[Event "17th Open A"]
[Site "Zadar CRO"]
[Date "2010.12.14"]
[Round "4.16"]
[White "Paljusaj,E"]
[Black "Jakic,I"]
[Result "1/2-1/2"]
[WhiteElo "2316"]
[BlackElo "2399"]

1.e4 c5 2.Nf3 d6 3.Bb5+ Bd7 4.Bxd7+ Qxd7 5.O-O Nf6 6.Re1 Nc6 7.c4 g6 8.Nc3 Bg7
9.d4 cxd4 10.Nxd4 O-O 11.f3 Qc7 12.Nde2  1/2-1/2

[Event "Bansko Grand Chess Open"]
[Site "Bansko BUL"]
[Date "2010.12.16"]
[Round "5.3"]
[White "Petrov,Marij"]
[Black "Cheparinov,I"]
[Result "1/2-1/2"]
[WhiteElo "2534"]
[BlackElo "2668"]

1.e4 c5 2.Nf3 d6 3.Bb5+ Nd7 4.d4 cxd4 5.Qxd4 a6 6.Bxd7+ Bxd7 7.O-O e5 8.Qd3 Rc8
9.Nc3 h6 10.a4 Nf6 11.Re1 Qc7 12.Nd2 Be6 13.Nf1 Be7 14.Ne3 O-O 15.Bd2 Rfd8
16.Rec1 Bc4 17.Nxc4 Qxc4 18.Re1 Qxd3 19.cxd3 d5 20.exd5 Bc5 21.Rac1 Bd4 22.Kf1 Kf8
23.h3 b6 24.g3 Nxd5 25.Nxd5 Rxc1 26.Rxc1 Rxd5 27.b3 Ke8 28.Rc8+ Ke7 29.Ke2 h5
30.b4 Rd8 31.Rc7+ Rd7 32.Rc8 Rd8 33.Rc7+ Rd7 34.Rc8 Rd8 35.Rc7+ Rd7  1/2-1/2

[Event "II Duchamp GM"]
[Site "Buenos Aires ARG"]
[Date "2010.12.16"]
[Round "6"]
[White "Ricardi,P"]
[Black "Perez Ponsa,F"]
[Result "1/2-1/2"]
[WhiteElo "2517"]
[BlackElo "2469"]

1.e4 c5 2.Nf3 d6 3.Bb5+ Nd7 4.O-O a6 5.Bxd7+ Bxd7 6.c3 Nf6 7.Re1 Bg4 8.d4 cxd4
9.cxd4 e6 10.Qb3 Bxf3 11.gxf3 Qd7 12.Nc3 Be7 13.Bg5 Nh5 14.Be3 O-O  1/2-1/2

[Event "Bansko Grand Chess Open"]
[Site "Bansko BUL"]
[Date "2010.12.17"]
[Round "7.9"]
[White "Spasov,V"]
[Black "Pavlidis,Ana"]
[Result "1/2-1/2"]
[WhiteElo "2606"]
[BlackElo "2352"]

1.e4 c5 2.Nf3 d6 3.Bb5+ Bd7 4.Bxd7+ Qxd7 5.c4 Nf6 6.Nc3 g6 7.d4 cxd4 8.Nxd4 Bg7
9.h3 O-O 10.Be3 Nc6 11.O-O a6 12.Rc1 Nxd4 13.Bxd4 b5 14.Bxf6 Bxf6 15.Nd5 Qd8
16.Nxf6+ exf6 17.Qd4 Qe7 18.Rfd1 Rfd8 19.a3 Rab8 20.cxb5 Rxb5 21.Rc6 a5 22.Rxd6 Rxd6
23.Qxd6 Qxd6 24.Rxd6 Rxb2 25.Rd5 Re2 26.f3 g5 27.Rxa5 Ra2 28.g4 Kg7 29.Ra6 Kg6
30.a4 Kg7 31.a5 Kg6 32.Kf1 Kg7 33.Ra8 f5 34.gxf5 Kf6 35.a6 Ke5 36.a7 Kf4
37.e5 Kxf3 38.Ke1 Ke3 39.Kd1 Rd2+ 40.Kc1 Rd7 41.Kb2 Ke4 42.f6 h5 43.Rg8 Rxa7
44.Rxg5 Ra5 45.Rxh5 Rxe5 46.Rh7 Kf5 47.Rxf7 Re6  1/2-1/2

[Event "29th European Blitz"]
[Site "Warsaw POL"]
[Date "2010.12.17"]
[Round "5"]
[White "Rublevsky,S"]
[Black "Moranda,W"]
[Result "1-0"]
[WhiteElo "2678"]
[BlackElo "2578"]

1.e4 c5 2.Nf3 d6 3.Bb5+ Nc6 4.Bxc6+ bxc6 5.O-O e5 6.c3 f5 7.exf5 Nf6 8.d4 cxd4
9.cxd4 e4 10.Ng5 d5 11.f3 h6 12.Ne6 Bxe6 13.fxe6 Bd6 14.fxe4 dxe4 15.Nc3 O-O
16.Qe2 Bc7 17.Qc4 Kh8 18.Bf4 Ng4 19.Ne2 Bxf4 20.Nxf4 Qg5 21.Qxc6 Ne3 22.Qxe4 Nxf1
23.Ng6+ Kg8 24.Nxf8 Qe3+ 25.Qxe3 Nxe3 26.Nd7 Re8 27.Re1 Nc2 28.Re4 Nb4 29.Nc5 Kf8
30.a3 Nd5 31.Nd3 Ke7 32.Nf4 Nf6 33.Re5 Kd6 34.Ra5 g5 35.Ra6+ Kc7 36.Nd3 Ne4
37.d5 Kb7 38.Ra4 Nd6 39.Rb4+ Kc7 40.Ra4 Kb7 41.h3 Rc8 42.Kh2 Rc2 43.Rb4+ Kc7
44.Ne5 Re2 45.Nc4 Nf5 46.Rb3 Re4 47.Rc3 Kd8 48.Rf3 Nh4 49.Rf8+ Kc7 50.d6+ Kc6
51.d7  1-0

[Event "29th European Blitz"]
[Site "Warsaw POL"]
[Date "2010.12.17"]
[Round "10"]
[White "Movsesian,S"]
[Black "Andriasian,Z"]
[Result "*"]
[WhiteElo "2721"]
[BlackElo "2585"]

1.e4 c5 2.Nf3 d6 3.Bb5+ Bd7 4.Bxd7+ Qxd7 5.c4 Nc6 6.Nc3 g6 7.d4 cxd4 8.Nxd4 Bg7
9.Be3 Nf6 10.f3 O-O 11.O-O Rac8 12.Nde2 Rfd8 13.Rc1 e6 14.Bg5 Qc7 15.Qd2 Qa5
16.Rfd1 Rd7 17.b3 a6 18.Kh1 h5 19.Na4 Qc7 20.Qe3 Rb8 21.Nb6 Rdd8 22.Rd2 Kh7
23.Rcd1 Ne5 24.a4 Ned7 25.a5 Ne5 26.Qf4 Ne8  *

[Event "Bansko Grand Chess Open"]
[Site "Bansko BUL"]
[Date "2010.12.18"]
[Round "8.13"]
[White "Galburd,Y"]
[Black "Berbatov,K"]
[Result "0-1"]
[WhiteElo "2322"]
[BlackElo "2461"]

1.e4 c5 2.Nf3 d6 3.Bb5+ Nd7 4.c3 Nf6 5.d3 g6 6.O-O Bg7 7.Re1 a6 8.Ba4 b5
9.Bc2 O-O 10.Nbd2 Bb7 11.Nf1 Ne5 12.Ng3 Nxf3+ 13.Qxf3 a5 14.Be3 Qc7 15.Qe2 b4
16.d4 a4 17.Bd3 Nd7 18.Rac1 Qb6 19.Bb5 Ba6 20.Bxa6 Qxa6 21.Qg4 a3 22.bxa3 bxc3
23.Qd1 Qxa3 24.Ne2 cxd4 25.Bxd4 Rfc8 26.Bxg7 Kxg7 27.Qd4+ e5 28.Qd3 c2 29.Qd2 Qc5
30.Ng3 Rxa2 31.Qg5 Kf8 32.Nf1 Qc4 33.Qh4 Qe6 34.Ne3 Nf6 35.Re2 Kg7 36.g4 Nxe4
37.g5 f5 38.gxf6+ Nxf6 39.h3 d5 40.Nxc2 Qf5 41.Qb4 Rcxc2 42.Rexc2 Rxc2  0-1